LEADER 00928nam a2200229 i 4500 001 000000201199 003 CaOOAMICUS 005 20110422000000.0 008 110422s1935 it u000 u ita u 013 $a179900 040 $aSeMil$bita 100 1 $aCiarlantini, Franco.$0(OLS)http://semarc/name/11675 245 10$aViaggio nell'Oriente Mediterraneo /$cFranco Ciarlantini. 260 $aMilano :$bMondadori,$cstampa 1935. 300 $a166 p., [12] p. di tav. :$bill. ;$c20 cm. 490 0 $aTempo nostro ;$v3. 650 4$aMedio Oriente - Descrizioni e viaggi.$0(OLS)http://semarc/subject/4319 830 0$aTempo nostro ;$v3.$0(OLS)http://semarc/title/6855 850 $aSeMil 852 $aSeMil$W1$xVenegono$y1$m3XC V 32$j151725$B151725$CSeMilBibl$Z2$F162921 $81 996 $6245$aViaggio nell'Oriente Mediterraneo$9(OLS)http://semarc/title/291118 996 $6260$aMilano :$bMondadori$9(OLS)http://semarc/publisher/30335 LEADER 01221nam a2200265 i 4500 001 000000087590 003 CaOOAMICUS 005 20140127000000.0 008 140127s1944 it u000 u ita u 013 $a59830 040 $aSeMil$bita 100 1 $aKant, Immanuel,$d<1724-1804>.$0(OLS)http://semarc/name/2543 245 10$aFondazione della metafisica dei costumi /$cEmanuele Kant ; traduzione di Giovanni Vidari ; a cura di Vittorio Mathieu. 260 $aTorino :$bParavia,$c1944. 300 $aXL, 146 p. ;$c21 cm. 490 0 $aBiblioteca di filosofia e pedagogia 650 4$aEtica filosofica.$0(OLS)http://semarc/subject/2011 650 4$aFilosofia - Testi - Sec. 18.$0(OLS)http://semarc/subject/50 700 1 $aMathieu, Vittorio,$d<1923-2020>.$0(OLS)http://semarc/name/4377 700 1 $aVidari, Giovanni,$d<1871-1934>.$0(OLS)http://semarc/name/12186 830 0$aBiblioteca di filosofia e pedagogia.$0(OLS)http://semarc/title/7496 850 $aSeMil 852 $aSeMil$W1$xVenegono$y1$m2P IV 144 =$j51050$B51050$CSeMilBibl$Z2$F55189 $81 996 $6245$aFondazione della metafisica dei costumi$9(OLS)http://semarc/title/133630 996 $6260$aTorino :$bParavia$9(OLS)http://semarc/publisher/30028